LEADER 01537nam 2200373 n 450 001 996393226403316 005 20221108040255.0 035 $a(CKB)4940000000112495 035 $a(EEBO)2240940330 035 $a(UnM)99872184 035 $a(EXLCZ)994940000000112495 100 $a19840208d1660 uy | 101 0 $aeng 135 $aurbn||||a|bb| 200 12$aA continuation of the grand conspiracy by the insolent usurper and the regal intruder$b[electronic resource]$eDescribed in the two following sermons. /$fBy J.A. a suffering son of the Church of England 210 $a[London $cPrinted for R. Royston, at the Angel in Ivy-lane$d1660] 215 $a[4], 80 p 300 $aJ.A. = John Allington. 300 $a"The impudent usurper" and "The regall intruder" each have separate dated title page with imprint "London. Printed for R. Royston, at the Angel in Ivy-lane, 1660"; register and pagination are continuous. 300 $aAnnotation on Thomason copy: "Aprill". 300 $aReproduction of the original in the British Library. 327 $aThe impudent usurper -- The regall intruder. 330 $aeebo-0018 606 $aSermons, English$y17th century 615 0$aSermons, English 700 $aAllington$b John$fd. 1682.$0819236 801 0$bCu-RivES 801 1$bCu-RivES 801 2$bCStRLIN 801 2$bWaOLN 906 $aBOOK 912 $a996393226403316 996 $aA continuation of the grand conspiracy by the insolent usurper and the regal intruder$92421268 997 $aUNISA LEADER 01313nam 2200349 n 450 001 996396863103316 005 20221108081308.0 035 $a(CKB)4940000000064940 035 $a(EEBO)2240862736 035 $a(UnM)99828461 035 $a(UnM)9927720500971 035 $a(EXLCZ)994940000000064940 100 $a19950418d1683 uy | 101 0 $aeng 135 $aurbn||||a|bb| 200 04$aThe life and reign of King Henry the Eighth. Written by the Right Honourable Edward Lord Herbert of Cherbury$b[electronic resource] 210 $aLondon $cprinted by M. Clark, for H. Herringman, and are to be sold by T. Passenger at the three Bibles on London Bridg$dMDCLXXXIII. [1683] 215 $a[8],267, 266-267, 270-636, [18] $cill 300 $aFrontispiece portrait of King Henry the Eighth. 300 $aIncludes index. 300 $aReproduction of the original in the British Library. 330 $aeebo-0018 607 $aGreat Britain$xHistory$yHenry VIII, 1509-1547$vEarly works to 1800 700 $aHerbert of Cherbury$b Edward Herbert$cBaron,$f1583-1648.$01001659 801 0$bCu-RivES 801 1$bCu-RivES 801 2$bCStRLIN 801 2$bWaOLN 906 $aBOOK 912 $a996396863103316 996 $aThe life and reign of King Henry the Eighth$92312527 997 $aUNISA